000 00285nam a2200109Ia 4500
008 190913s9999||||xx |||||||||||||| ||und||
100 _aKristin G. Esterberg
245 0 _aQualitative Methods in Social Research
260 _aNew York
_bPrentice Hall
_c1996
300 _a450
942 _cBK
999 _c8255
_d8255